000 00462ntaaa2200181 4500
003 01
005 20251027202116.0
008 0714s1973 ag 01
040 _aAR-BaBN
_bspa
_cAR-BaBN
_eaacr
_dRIC
082 _a252.6000 H15
100 _aHallock, G.B.F.
_919197
245 _aThe minister's week-day manual
250 _a1 ed.
260 _aNew York :
_bHarper and Brothers,
_c1934
300 _a284 p
650 _amanual para ministros
_919547
942 _cBK
999 _c15945
_d15945